| 000 | 00541pab a2200181 454500 | ||
|---|---|---|---|
| 008 | 180718b2011 xxu||||| |||| 00| 0 eng d | ||
| 100 | _aSingh, Manjit | ||
| 245 | _aGlobalization and stability in economic development: Experience of developing countries | ||
| 260 | _c2011 | ||
| 300 | _ap.589-610. | ||
| 362 | _aJan | ||
| 650 | _aEconomic and social development - Developing countries | ||
| 650 | _aEconomic and social development | ||
| 700 | _aRaikhy, P.S. | ||
| 773 | _aIndian Journal of Economics | ||
| 908 | _aN | ||
| 909 | _a93073 | ||
| 999 |
_c93073 _d93073 |
||